Responses for show #3966 - Monday, November 26, 2001

Clue dollar values are doubled.

Contestants

Harold Skinner, a teacher and playwright from Columbia, South Carolina

Geoffrey Zimmerman, a lawyer from Toronto, Canada

Kristin Lawhead, a multimedia artist from New Orleans, Louisiana

Jeopardy! Round responses

SUDDENLY SUDAN
GOOD TOMES
STORE TREK
(Alex: Our writers obviously can't spell!)
TREES COMPANY
MELROSE FACE
"FOOL" HOUSE
    $200 22
England (Great Britain)

Geoffrey
    $200 1
Les Miserables

Geoffrey
    $200 2
(Kristin: What is Lowe's?)

Home Depot

KristinGeoffrey
    $200 20
birch

Kristin
    $200 12
Beverly Hills, 90210

Harold
    $200 3
fool's gold

Harold
    $400 23
Jimmy Carter

Geoffrey
    $400 4
F. Scott Fitzgerald

Harold
    $400 8
Circuit City

Kristin
    $400 27
ash

Harold
    $400 17
Sex and the City

Harold
    $400 13
April Fools' Day

Kristin
    $600 24
the Nile

Kristin
    $600 5
All Quiet on the Western Front

Harold
    $600 9
Williams-Sonoma

Triple Stumper
    $600 28
oak

Kristin
    $600 18
(Alex: And now she's "involved" on another show!)

Heather Locklear

Kristin
    $600 14
a fool and his money

Kristin
    $800 25
Khartoum

Geoffrey
    $800 6
Turkey

Harold
    $800 10
Niketown

Kristin
    $800 29
[buzzer sounds to end the round]

Bonsai

Kristin
    $800 19
Alyssa Milano

Kristin
    $800 15
foolproof

Geoffrey
    $1,400 26
(Alex: And we have less than a minute to go in the round.)

the Red Sea

Geoffrey
    $1000 7
(Harold: Who is Oscar Wilde?)
....
(Alex: Harold just misspoke; he went the wrong way!)

The Picture of Dorian Gray

KristinHarold
    $1000 11
Bloomingdale's

Geoffrey
    $1000 21
Aaron Spelling

Harold
    $1000 16
"The Fool on the Hill"

Harold

Scores at the first commercial break (after clue 13):

Kristin Geoffrey Harold
$2,400 $1,400 $1,200

Scores at the end of the Jeopardy! Round:

Kristin Geoffrey Harold
$6,600 $5,000 $4,000

Double Jeopardy! Round responses

CLASSICAL MUSIC
UNIVERSITY STATE
ODDS & ENDS
AT THE MOVIES
HISTORIC TABLOID HEADLINES
PORTMANTEAU WORDS
(Alex: A portmanteau word is a word that's made up of 2 other words; for instance, motel, from "motor hotel"; hope that assists you.)
    $400 3
George Frideric Handel

Geoffrey
    $400 11
"You've Got Mail!"

Harold
    $400 1
Pee-wee's Big Adventure

Harold
    $400 14
Alexander the Great

Kristin
    $400 16
"slimy" & "lithe"

Triple Stumper
    $800 4
(Harold: Who is Mario Lanza?)

Enrico Caruso

GeoffreyHarold
    $800 12
The Red Baron

Harold
    $800 2
Gladiator

Geoffrey
    $800 19
the Light Brigade

Harold
    $1200 5
(Geoffrey: Who is Verdi?)

Wolfgang Amadeus Mozart

KristinGeoffrey
    $1200 13
(Geoffrey: Oxford English?)
....
(Alex: Remember the phrasing, Geoffrey.)

Old English

KristinGeoffrey
    $1200 8
Orca

Harold
    $1200 15
Rome

Geoffrey
    $2,000 6
(Kristin: Who is...[time]?)

Pagliacci

Kristin
    $1600 22
Louisiana

Kristin
    $1600 20
(Kristin: What is collagen?)

lanolin

Kristin
Triple Stumper
    $3,200 9
Unforgiven

Harold
    $1600 17
(Alex: Minute to go, Geoffrey.)

Eleanor of Aquitaine

Triple Stumper
    $2000 7
the "Emperor Concerto"

Harold
    $2000 21
Wisconsin

Harold
    $2000 23
(Harold: What is "Masterpiece Theatre?")
....
[buzzer sounds to end the round]

Hallmark Hall of Fame

Harold
Triple Stumper
    $2000 10
(Harold: Who is Klaus Kinski?)
(Kristin: Who is Mastroianni?)

Klaus Maria Brandauer

KristinHarold
Triple Stumper
    $2000 18
(Geoffrey: Who is Josephine?)
(Kristin: Who is Marie de Beauhamais?)

Marie Louise

KristinGeoffrey
Triple Stumper

Scores at the end of the Double Jeopardy! Round:

Kristin Geoffrey Harold
$3,400 $3,800 $10,000
(lock game)

[wagering suggestions for these scores]

Final Jeopardy! Round responses

WORLD CITIES
KristinWhat is London?
$3,400
GeoffreyWhat is Moscow!
$3,800
HaroldWhat is London?
$2,300
Moscow

Final scores:

Kristin Geoffrey Harold
$0 $7,600 $7,700
3rd place: Trip to Quebec 2nd place: Trip to Italy New champion: $7,700

Game dynamics:

Coryat scores:

Kristin Geoffrey Harold
$5,400 $3,400 $8,400
15 R,
5 W
(including 1 DD)
12 R
(including 1 DD),
3 W
17 R
(including 1 DD),
4 W

Combined Coryat: $17,200

The J! Archive is created by fans, for fans. The Jeopardy! game show and all elements thereof, including but not limited to copyright and trademark thereto, are the property of Jeopardy Productions, Inc. and are protected under law. This website is not affiliated with, sponsored by, or operated by Jeopardy Productions, Inc. Join the discussion at JBoard.tv.